000 00330nam a22001337a 4500
020 _a9789350514320
082 _a658.4034
_bASW/PR
100 _aAswathappa, K
245 _aProduction and operations management
260 _aMumbai
_bHimalaya Publishing House
_c2012
300 _a656p
700 _aShridhara Bhat K
942 _cBK
999 _c13907
_d13907